Catálogo
 En Linea

Por si no amanece = In case dawun never comes / (Registro nro. 50615)

Detalles MARC
000 -CABECERA
campo de control de longitud fija 00909nam a22002657a 4500
003 - IDENTIFICADOR DEL NÚMERO DE CONTROL
campo de control DO-SdBNP
005 - FECHA Y HORA DE LA ÚLTIMA TRANSACCIÓN
campo de control 20211229100500.0
007 - CAMPO FIJO DE DESCRIPCIÓN FÍSICA--INFORMACIÓN GENERAL
campo de control de longitud fija ta
008 - DATOS DE LONGITUD FIJA--INFORMACIÓN GENERAL
campo de control de longitud fija 210921e2021 dr ||||er|||| 00| pdspa d
040 ## - FUENTE DE LA CATALOGACIÓN
Centro catalogador/agencia de origen DO-SdBNP
Lengua de catalogación spa
Centro/agencia transcriptor BNPHU
082 #4 - NÚMERO DE LA CLASIFICACIÓN DECIMAL DEWEY
Número de edición 22
Número de documento/Ítem M375p
100 1# - ENTRADA PRINCIPAL--NOMBRE DE PERSONA
9 (RLIN) 79655
Nombre de persona Marte Martich, Belkis M.
245 10 - MENCIÓN DE TÍTULO
Título Por si no amanece = In case dawun never comes /
Mención de responsabilidad, etc. Belkis M. Marte; Traductor, Edagar Smith; Prólogo, Gisela Vives
246 11 - FORMA VARIANTE DE TÍTULO
Título propio/Titulo breve In case dawun never comes
260 ## - PUBLICACIÓN, DISTRIBUCIÓN, ETC.
Lugar de publicación, distribución, etc. New York :
Nombre del editor, distribuidor, etc. Books&smith,
Fecha de publicación, distribución, etc. 2021
300 ## - DESCRIPCIÓN FÍSICA
Extensión 140 p. [5 p.],
Dimensiones 23 cm
500 ## - NOTA GENERAL
Nota general Incluye datos biográficos de la autora: p. [141- 142].
546 ## - NOTA DE LENGUA/LENGUAJE
Nota de lengua/lenguaje Libro con traducción en inglés.
590 ## - NOTA LOCAL (RLIN)
Nota local Inventariado 2021 / MF
650 #0 - PUNTO DE ACCESO ADICIONAL DE MATERIA--TÉRMINO DE MATERIA
9 (RLIN) 80898
Término de materia o nombre geográfico como elemento de entrada Arte de escribir poesía
Subdivisión general Poesía
700 1# - PUNTO DE ACCESO ADICIONAL--NOMBRE DE PERSONA
9 (RLIN) 76084
Nombre de persona Smith, Edgar
Fechas asociadas al nombre 1973-
Código de función/relación trad.
700 1# - PUNTO DE ACCESO ADICIONAL--NOMBRE DE PERSONA
Nombre de persona Vives, Gisela,
Término indicativo de función/relación pról.
9 (RLIN) 79993
910 ## - DATOS DE OPCIÓN DEL USUARIO (OCLC)
Datos de opción del usuario MFéliz
942 ## - ELEMENTOS DE PUNTO DE ACCESO ADICIONAL (KOHA)
Fuente del sistema de clasificación o colocación Dewey Decimal Classification
Tipo de ítem Koha Libro
Existencias
Estado de retiro Estado de pérdida Fuente del sistema de clasificación o colocación Restricciones de uso No para préstamo Código de colección Localización permanente Ubicación/localización actual Ubicación en estantería Fecha de adquisición Fuente de adquisición Total de préstamos Signatura topográfica completa Código de barras Fecha visto por última vez Precio válido a partir de Tipo de ítem Koha Número de copia
    Dewey Decimal Classification Préstamo en sala   Dominicana de Servicio Biblioteca Nacional Pedro Henríquez Ureña Dominicana Depósito 09.08.2021 Depósito legal / Belkis Martes   M375p 2021-28640 29.12.2021 29.12.2021 Libro y Folleto Colección Dominicana de Servicio e.3
    Dewey Decimal Classification Excluido de préstamo   Patrimonio Dominicano Biblioteca Nacional Pedro Henríquez Ureña Patrimonio Dominicano Depósito 09.08.2021 Depósito legal   M375p 2021-26904 21.09.2021 21.09.2021 Libro y Folleto Colección Patrimonio Dominicano  
    Dewey Decimal Classification Excluido de préstamo   Patrimonio Dominicano Biblioteca Nacional Pedro Henríquez Ureña Patrimonio Dominicano Depósito 09.08.2021 Depósito legal   M375p 2021-26905 21.09.2021 21.09.2021 Libro y Folleto Colección Patrimonio Dominicano e.2

Con tecnología Koha